• 首页
  • 本馆介绍
  • 公告通知
  • 最新文献
  • 馆藏检索
  • 电子资源
  • 读者导购
  • 参考咨询
  • 我的图书馆
  • 登录
  • 详细信息显示
  • 放入我的书架
  • 预约/预借图书
  • 作者相关作品
  • 分类相关作品
  • 丛书相关作品
  • 出版社相关作品

书目信息

  • 表格格式
  • 工作单格式
  • 卡片格式
题名:
太极内功养生术
    
 
作者: 关永年 著
分册:  
出版信息: 北京   人民体育出版社  2004
页数: 364页
开本: 22cm
丛书名:
单 册:
中图分类: G852.6
科图分类:
主题词: 武术--气功--中国 , 武术 , 气功
电子资源:
ISBN: 978-7-5009-2517-0
000 00666nam0 2200241 45
001 1132085468
005 20110314091301.42
010    @a978-7-5009-2517-0@dCNY22.00
100    @a20110122e20082004ekmy0chiy0120 ea
101 0  @achi
102    @aCN@b110000
105    @ay z 000yy
106    @ar
200 1  @a太极内功养生术@ATai Ji Nei Gong Yang Sheng Shu@f关永年著@FGuan Yong Nian Zhu
210    @a北京@c人民体育出版社@d2004@h2008
215    @a364页@d22cm
606 0  @a武术@x气功@y中国
606 0  @a武术
606 0  @a气功
690    @aG852.6@v4
701  0 @a关永年@AGuan Yong Nian@4著
801  0 @aCN@bTANGWEI@c20110314
905    @b0532449-52@dG852.6@e267@f4
    
    太极内功养生术/关永年著.-北京:人民体育出版社,2004(2008)
    364页;22cm
    
    
    ISBN 978-7-5009-2517-0:CNY22.00
    
●
相关链接 在E读中查询图书 在五车中查询图书 在当当中查询图书 在豆瓣中查询图书


正题名:太极内功养生术     索取号:G852.6/267         预约/预借

序号 登录号 条形码 馆藏地/架位号 状态 备注
1 0532449   205324497   第一样本阅览室/ [索取号:G852.6/267] 在馆    
2 0532450   205324503   第四借阅区/ [索取号:G852.6/267] 在馆    
3 0532451   205324512   第四借阅区/ [索取号:G852.6/267] 在馆    
4 0532452   205324521   密集书库-体育系/ [索取号:G852.6/267] 在馆    
唐山师范学院图书馆 欢迎您!
大连网信软件有限公司© 版权所有